|
|
|
|
| LEADER |
00000cam a2200000 7i4500 |
| 001 |
0000002725 |
| 005 |
20031229.0 |
| 090 |
0 |
0 |
|a 500.5
|b REP 1998
|
| 245 |
0 |
0 |
|a REPORT of the Intergovernmental Consultative Committee on the Regional Space Applications Programme for Sustainable Development on its Fourth Session; Report of the Meetings of the Regional Working Groups and Summary Record of the Meeting of the Subcommittee on Space Applications for Sustainable Development
|
| 260 |
0 |
0 |
|a Bangkok :
|b ESCAP Regional Space Applications Programme, Economic Commission for Asia and the Pacific ,
|c 1998
|
| 300 |
|
|
|a x, 170 p. ;
|c 23 cm.
|
| 650 |
0 |
0 |
|a Artificial satellites in remote sensing
|
| 650 |
0 |
0 |
|a Artificial satellites in telecommunication
|
| 650 |
0 |
0 |
|a Space sciences
|
| 710 |
1 |
1 |
|a Economic Commission for Asia and the Pacific (ESCAP)
|
| 998 |
|
|
|a JPSM
|
| 999 |
|
|
|a 0000003751
|b Monograph
|c Open Shelf
|e Default branch
|